Ptaki stwierdzone w polsce na litere D - Statystyki

Ogólne statystyki
  • Ten quiz został rozwiązany 71 razy
  • Średni wynik to 12 z 31
Statystyki odpowiedzi
Odpowiedź % Poprawnych
dudek
82%
dzięcioł czarny
73%
dzięcioł zielony
71%
dzięcioł duży
65%
dzięciołek
59%
dzięcioł średni
57%
dzięcioł trójpalczasty
51%
drop
49%
dzięcioł zielonosiwy
49%
derkacz
47%
dziwonia
45%
dzwoniec
45%
droździk
43%
dymówka
39%
dzięcioł białoszyi
39%
dzierlatka
39%
drozd obrożny
37%
drzemlik
37%
dzięcioł białogrzbiety
37%
dzierzba rudogłowa
31%
dubelt
29%
dzierzba czarnoczelna
29%
dzierzba pustynna
27%
drozd czarnogardły
24%
drozdaczek ciemny
20%
drozd oliwkowy
20%
drozd rdzawogardły
20%
dzierzba rdzawosterna
20%
drozdoń tajgowy
18%
drozd rdzawy
18%
drozd rdzawoskrzydły
16%
Nie znaleziono quizów pasujących do podanych kryteriów
Rozkład punktacji
Procent ludzi z każdym wynikiem
Percentyl według liczby udzielonych odpowiedzi
Twoja historia wyników
Nie rozwiązałeś tego quizu